Score 0/21 Timer 03:00
0 Plays Today
Clue 4-Letter Word % Correct
Finished or completedDONE
97.8%
Ulna, femur, e.g.BONE
97.7%
One between 12 and 20 years oldTEEN
95.9%
British 'Batman Begins' actor ChristianBALE
95.8%
1999 Drew Barrymore movie: 'Never ___ Kissed'BEEN
95.8%
Fluid secreted by the liverBILE
94.5%
Talk, often informallyCHAT
94%
Star of 'Rush Hour' JackieCHAN
93.5%
Capital of SwitzerlandBERN
92.5%
1966 movie starring a lion: '___ Free'BORN
92.1%
A scourgeBANE
91.4%
Clue 4-Letter Word % Correct
Before noon, poeticallyMORN
90.4%
Partner of nowTHEN
87.7%
Proverb: '[rung 1] [rung 7] off [rung 10] ___ you can [rung 21]'●THAN●
83.4%
Huntley who partnered with David Brinkley to host the NBC NewsCHET
80.2%
Tiny, parasitic insectMITE
78.2%
Proverb: '[rung 1] [rung 7] off ___ [rung 17] you can [rung 21]'●MORE●
77.4%
Proverb: '[rung 1] ___ off [rung 10] [rung 17] you can [rung 21]'●BITE●
77.4%
Proverb: '___ [rung 7] off [rung 10] [rung 17] you can [rung 21]'●DON'T●
75.3%
Bog or marshMIRE
75.3%
Proverb: '[rung 1] [rung 7] off [rung 10] [rung 17] you can ___'●CHEW●
74.3%

Today's Daily Dose

Remove Ads.
Support Sporcle.
Get the best of Sporcle when you Go Orange. This ad-free experience offers more features, more stats, and more fun while also helping to support Sporcle. Thank you for becoming a member.

You're not logged in!

Compare scores with friends on all Sporcle quizzes.
OR
Log In

Show Comments

Extras

Top Quizzes Today


Score Distribution

Your Account Isn't Verified!

In order to create a playlist on Sporcle, you need to verify the email address you used during registration. Go to your Sporcle Settings to finish the process.

Report this User

Report this user for behavior that violates our Community Guidelines.

Details: